| 000 | 00756cam a22002773a 4500 | ||
|---|---|---|---|
| 001 | 23775 | ||
| 003 | PGUSA | ||
| 005 | 20140828083516.0 | ||
| 008 | 071209s2007||||xxu|||||s|||||000 | eng d | ||
| 040 |
_aPGUSA _beng |
||
| 042 | _adc | ||
| 050 | 4 | _aNE | |
| 245 | 1 | 0 |
_aDer Totentanz _h[electronic resource] |
| 260 |
_bProject Gutenberg, _c2007 |
||
| 506 | _aPublic domain in the USA. | ||
| 516 | _aElectronic text | ||
| 653 | _aDance of death | ||
| 653 | _aDance of death in art | ||
| 653 | _aWood-engraving -- Printing | ||
| 653 | _aHolbein, Hans, 1497-1543 | ||
| 700 | 1 |
_aGanz, Hans, _d1890-1957 |
|
| 700 | 1 |
_aHolbein, Hans, _d1497-1543 |
|
| 830 | 0 |
_aProject Gutenberg _v23775 |
|
| 856 | 4 | 0 | _uhttp://www.gutenberg.org/ebooks/23775 |
| 942 | _cEB | ||
| 999 |
_c253030 _d253030 |
||